00388nam a2200157Ia 45000010006000000050017000060080041000230410008000640820013000721000037000852450050001222600009001723000033001816500008002146540008002221572820260306170217.0260306t2005||||xx |||||||||||||| ||und|| aESP a601bQ49 aQuintanilla, Miguel ÁngeleAUT 0aFilosofía de la tecnología :b5 lecciones c2005 axvi, 392 páginas :c21 cm. aGEN aCCN